Statistics for European Geography By Letter B - Picture Quiz

Click here to take the quiz!

General Stats

  • This quiz has been taken 1,530 times
    (1,146 since last reset)
  • The average score is 12 of 18

Answer Stats

Answer% Correct
Belgium
97%
{Baltic} Sea
90%
Barcelona
88%
Bosnia and Herzegovina
82%
{Brandenburg} Gate
79%
{Balkan} Peninsula
78%
{Buckingham} Palace
78%
St. {Basil's} Cathedral
76%
Budapest
72%
Bretagne
67%
Bosphorus
66%
{Balearic} Islands
56%
{Bolshoi} Theatre
56%
Bohemia
49%
{Blue} Mosque
46%
Ben Nevis
45%
Belgrade
44%
Place de la {Bastille}
24%

Score Distribution

Percentile by Number Answered

Percent of People with Each Score

Your Score History

You have not taken this quiz since the last reset